Kusadikika: (Record no. 13739)

000 -LEADER
fixed length control field 00605nam a22001937a 4500
003 - CONTROL NUMBER IDENTIFIER
control field OSt
005 - DATE AND TIME OF LATEST TRANSACTION
control field 20190417020046.0
008 - FIXED-LENGTH DATA ELEMENTS--GENERAL INFORMATION
fixed length control field 160905b xxu||||| |||| 00| 0 eng d
020 ## - INTERNATIONAL STANDARD BOOK NUMBER
International Standard Book Number 023751186
050 ## - LIBRARY OF CONGRESS CALL NUMBER
Classification number PL 8704
Item number .K8R6
100 ## - MAIN ENTRY--PERSONAL NAME
Personal name Robert, Shaaban
245 ## - TITLE STATEMENT
Title Kusadikika:
Remainder of title nchi iliyo angani/
Statement of responsibility, etc. Shaaban Robert, Illustrated by Ruth Yudelowitz
260 ## - PUBLICATION, DISTRIBUTION, ETC. (IMPRINT)
Place of publication, distribution, etc. Nairobi :
Name of publisher, distributor, etc. Evans ;
Date of publication, distribution, etc. 2004.
300 ## - PHYSICAL DESCRIPTION
Extent 67 p. :
Other physical details ill.
440 ## - SERIES STATEMENT/ADDED ENTRY--TITLE
Title Diwani ya Shaaban
Name of part/section of a work 2
650 ## - SUBJECT ADDED ENTRY--TOPICAL TERM
Topical term or geographic name as entry element Fiction
General subdivision Swahili
700 ## - ADDED ENTRY--PERSONAL NAME
Personal name Yudelowitz, Ruth
Relator term illustrator
942 ## - ADDED ENTRY ELEMENTS (KOHA)
Source of classification or shelving scheme
Koha item type Africana (Books)
Classification part PL 8704 .K8R6 2011
Koha issues (borrowed), all copies 49
Holdings
Withdrawn status Lost status Source of classification or shelving scheme Damaged status Not for loan Home library Current library Shelving location Date acquired Source of acquisition Cost, normal purchase price Total Checkouts Full call number Barcode Date last seen Date last checked out Price effective from Koha item type
          MACHAKOS UNIVERSITY LIBRARY MACHAKOS UNIVERSITY LIBRARY Africana 05/09/2016 Donation 560.00 62 AFR PL 8704 .K8R6 2011 25614 16/02/2024 16/02/2024 05/09/2016 Africana (Books)
© Machakos University Library, Along The Highway, Machakos Wote Rd, Machakos, Kenya P.O. Box 136 - 90100 Machakos - Kenya

Tel: ( +254 ) 723 805829 OR Fax : 044-20353 OR Email: library@mksu.ac.ke